Sports Teams with No Championships - Statistics

General Stats
  • This quiz has been taken 99 times
  • The average score is 24 of 38
Answer Stats
Hint Answer % Correct
NFL Carolina Panthers
85%
NHL Florida Panthers
85%
NFL Jacksonville Jaguars
82%
NFL Cincinnati Bengals
76%
NFL Houston Texans
74%
NFL Tennessee Titans
74%
NBA Utah Jazz
73%
NBA New Orleans Pelicans
71%
NFL Atlanta Falcons
70%
NBA Phoenix Suns
70%
NFL Los Angeles Chargers
68%
NBA Indiana Pacers
67%
MLB Texas Rangers
67%
NFL Buffalo Bills
65%
MLB Colorado Rockies
65%
NBA Los Angeles Clippers
65%
NBA Minnesota Timberwolves
65%
MLB Tampa Bay Rays
65%
NHL Winnipeg Jets
65%
NBA Charlotte Hornets
64%
NFL Minnesota Vikings
64%
NBA Orlando Magic
64%
MLB Seattle Mariners
64%
MLB Milwaukee Brewers
62%
MLB San Diego Padres
62%
NHL Arizona Coyotes
59%
NBA Memphis Grizzlies
59%
NHL Minnesota Wild
59%
NHL San Jose Sharks
59%
NHL Vancouver Canucks
59%
NBA Brooklyn Nets
58%
NHL Columbus Blue Jackets
55%
NHL Ottawa Senators
55%
NHL Nashville Predators
53%
NHL Seattle Kraken
52%
NHL Buffalo Sabres
47%
NBA Denver Nuggets
45%
NHL Vegas Golden Knights
42%
No matching quizzes found
Score Distribution
Percent of People with Each Score
Percentile by Number Answered
Your Score History
You have not taken this quiz